000 00479nam a2200181Ia 4500
001 11841
005 20260306162857.0
008 260306t2024||||xx |||||||||||||| ||spa||
041 _aESP
082 _aHR 200
_bJUL-SET 2024 PROYECCIÓN
110 _aUniversidad Loyola. Facultad de Teología
245 0 _aProyección :
_bteología y mundo actual
260 _c2024
300 _apáginas 236-344 :
_c24 cm.
650 _aGEN
654 _aCHU
942 _cREV
_dJUS
_fJUS
_2ddc
_n
999 _c11841
_d11841